| 000 | 01602cam a2200373 i 4500 | ||
|---|---|---|---|
| 001 | 32515 | ||
| 003 | Mx-PuUPA | ||
| 005 | 20250423154035.0 | ||
| 008 | 140415s2006 mx a gr 001 0 spa d | ||
| 020 | _a9789701054994 | ||
| 020 | _a9701054997 | ||
| 040 |
_aMx-PuUPA _bspa _cMx-PuUPA _dMx-PuUPA _erda |
||
| 041 | 1 |
_aspa _heng |
|
| 043 | _acl----- | ||
| 100 | 1 |
_aSamuelson, Paul A. _q(Paul Anthony), _d1915-2009 _96381 _eautor |
|
| 240 | 1 | 0 |
_aEconomics. _lEspañol |
| 245 | 1 | 0 |
_aMacroeconomía : _bcon aplicaciones a Latinoamérica / _cPaul a. Samuelson, William D. Nordhaus ; traducción, Esther Toharía |
| 250 | _aTercera edición | ||
| 264 | 1 |
_aNéxico, D.F. : _bMcGraw-Hill/Interamericana Editores, _c2006 |
|
| 300 |
_axxii, 476 páginas : _bilustraciones ; _c27 cm |
||
| 336 |
_2rdacontent _atexto _btxt |
||
| 337 |
_2rdamedia _asin medio _bn |
||
| 338 |
_2rdacarrier _avolumen _bnc |
||
| 650 | 7 |
_2armarc _aMacroeconomía |
|
| 650 | 7 |
_2armarc _aDesarrollo económico _zAmérica Latina |
|
| 650 | 7 |
_2armarc _aMacroeconomía _zAmérica Latina |
|
| 700 | 1 |
_aNordhaus, William D., _eautor |
|
| 700 | 1 |
_aToharía, Esther, _etraductor |
|
| 765 | 0 |
_aSamuelson, Paul A. (Paul Anthony), 1915-2009 _tEconomics. _bDecimoséptima edición _d[Lugar de publicación no identificado] : McGraw-Hill, 1998 _z0072314885 |
|
| 787 | 0 | 8 |
_iAdaptación de: _aSamuelson, Paul A. (Paul Anthony), 1915-2009 _tEconomía _bDecimoséptima edición _dAravaca, Madrid : McGraw-Hill/Interamericana de España, 2002 _z8448136322 |
| 942 |
_2ddc _cLI _h339 _iS8718 |
||
| 999 |
_c32515 _d32515 |
||